| 000 | 00596nam a22001697a 4500 | ||
|---|---|---|---|
| 008 | 230727b |||||||| |||| 00| 0 eng d | ||
| 020 | _a9780816308446 | ||
| 050 | _aBX 6111 .W45 1911 | ||
| 100 | _aWhite, Ellen G. | ||
| 245 |
_aThe great controvacy Christ and Satan : _bthe conflict of the ages in the Christian dispensation / |
||
| 250 | _a1st ed. | ||
| 260 |
_aUSA: _bThe Ellen and White, _c1911. |
||
| 300 |
_axiv, 734p. ; _bill. ; _c18 cm |
||
| 500 | _aincludes bibliographical references and index. | ||
| 650 | _2Good and evil. | ||
| 942 |
_2lcc _cBOOKS _hBX 6111 .W45 1911 |
||
| 999 |
_c31760 _d31760 |
||